Ruddat al-ḥayāh (Record no. 46103)

MARC details
000 -LEADER
fixed length control field 00606cam a22002051 4500
001 - CONTROL NUMBER
control field ne 63001460
003 - CONTROL NUMBER IDENTIFIER
control field DLC
005 - DATE AND TIME OF LATEST TRANSACTION
control field 20260227111748.0
008 - FIXED-LENGTH DATA ELEMENTS--GENERAL INFORMATION
fixed length control field 820618q19601969ua a 000 1 arar
010 ## - LIBRARY OF CONGRESS CONTROL NUMBER
LC control number ne 63001460
035 ## - SYSTEM CONTROL NUMBER
System control number (OCoLC)8529695
040 ## - CATALOGING SOURCE
Original cataloging agency DLC
Transcribing agency TU
Modifying agency TU
-- DLC
042 ## - AUTHENTICATION CODE
Authentication code premarc
050 00 - LIBRARY OF CONGRESS CALL NUMBER
Classification number PZ90.A7
Item number Z3
100 1# - MAIN ENTRY--PERSONAL NAME
Personal name Zāyid, Muḥammad ʻAbd al-Wahhāb.
245 10 - TITLE STATEMENT
Title Ruddat al-ḥayāh
Statement of responsibility, etc. [taʼlīf] Muḥammad ʻAbd al-Wahhāb Zāyid.
260 ## - PUBLICATION, DISTRIBUTION, ETC.
Place of publication, distribution, etc. [al-Qāhirah]
Name of publisher, distributor, etc. Maktabat al-Qāhirah al-Ḥadīthah.
Date of publication, distribution, etc. [196-]
300 ## - PHYSICAL DESCRIPTION
Extent 104 p.
Other physical details illus.
Dimensions 24 cm.
500 ## - GENERAL NOTE
General note Text vocalized.

No items available.

Powered by Koha